|
|
|
|
| LEADER |
01219nam a2200229 a 4500 |
| 001 |
GR-MES10961 |
| 008 |
061019s xxk b 001 0 gre d |
| 020 |
|
|
|a 0199248575
|
| 040 |
|
|
|a GrPaTEI
|b gre
|c GR-PaULI
|
| 040 |
|
|
|a GrPaTEI
|b gre
|c GR-PaULI
|
| 100 |
1 |
|
|a Beebee, Trevor J.C
|
| 245 |
1 |
0 |
|a An introduction to molecular ecology /
|c Trevor J.C. Beebee ; Graham Rowe.
|
| 260 |
|
|
|a Oxford ; New York :
|b Oxford University press,
|c 2004
|
| 300 |
|
|
|a xxii , 346σ. :
|b εικ. (μερικές έγχρ.) ;
|c 25εκ.
|
| 504 |
|
|
|a Περιλαμβάνει βιβλιογραφικές παραπομπές (σ. [315]-334) και ευρετήριο
|
| 650 |
|
0 |
|a Molecular ecology
|
| 700 |
1 |
|
|a Rowe, Graham
|
| 942 |
|
|
|2 ddc
|
| 952 |
|
|
|0 0
|1 0
|2 ddc
|4 0
|6 572_800000000000000_BEE
|7 0
|9 270197
|a MSLG
|b MSLG
|c BSC
|d 2021-01-17
|e 24
|f 0
|g 0.00
|l 0
|o 572.8 BEE
|p 2420000019376
|r 2021-01-17 00:00:00
|t 1
|w 2021-01-17
|y BK15
|x 20061019 0 1
|x GrPaTEI
|
| 952 |
|
|
|0 0
|1 0
|2 ddc
|4 0
|6 572_800000000000000_BEE
|7 0
|9 270198
|a MSLG
|b MSLG
|c BSC
|d 2021-01-17
|e 24
|f 0
|g 0.00
|l 0
|o 572.8 BEE
|p 2420000019375
|r 2021-01-17 00:00:00
|t 1
|w 2021-01-17
|y BK15
|x ΠΑΠΑΣΩΤΗΡΟΠΟΥΛΟΣ ΘΕΚΑ
|x 20061019 0 1
|x GrPaTEI
|
| 971 |
|
|
|a .b25770081
|b 15-04-20
|c 13-09-16
|
| 999 |
|
|
|c 156027
|d 156027
|